| 000 | 00486nam a2200205Ia 4500 | ||
|---|---|---|---|
| 005 | 20250425161031.0 | ||
| 008 | 250425s9999 xx 000 0 und d | ||
| 041 | _aeng | ||
| 082 | _a624.1772 | ||
| 100 | _aVAN DEN BROEK, J.A. | ||
| 245 | 0 | _aELASTIC ENERGY THEORY | |
| 250 | _aS.E. | ||
| 260 |
_aEstados Unidos _bJOHN WILEY & SONS _c1950 |
||
| 260 | _aNEW YORK | ||
| 300 | _a260 | ||
| 650 | _aANALISIS ESTRUCTURAL | ||
| 650 | _aELASTICIDAD | ||
| 942 | _c01 | ||
| 010 | _a11070 | ||
| 999 |
_c201108 _d201108 |
||